LEADER 00922nam0-2200337---450- 001 990008573220403321 005 20071102112327.0 010 $a978-1-58829-541-5 035 $a000857322 035 $aFED01000857322 035 $a(Aleph)000857322FED01 035 $a000857322 100 $a20071030d2007----km-y0itay50------ba 101 0 $aeng 102 $aUS 105 $aa-------001yy 200 1 $aPhytoremediation$emethods and reviews$fedited by Neil Willey 210 $aTotowa (N.J.)$cHumana Press$d2007 215 $a478 p.$cill.$d24 cm 225 1 $aMethods in biotechnology$v23 610 0 $aIngegneria sanitaria 610 0 $aInquinamento 676 $a628.5$v20$zita 702 1$aWilley,$bNeil 801 0$aIT$bUNINA$gRICA$2UNIMARC 901 $aBK 912 $a990008573220403321 952 $a60 628.5 B 25$b10946$fFAGBC 959 $aFAGBC 996 $aPhytoremediation$9668606 997 $aUNINA LEADER 01065nam--2200373---450- 001 990002886960203316 005 20131024095434.0 010 $a0-13-129491-1 035 $a000288696 035 $aUSA01000288696 035 $a(ALEPH)000288696USA01 035 $a000288696 100 $a20070323d2006----km-y0itay50------ba 101 $aeng 102 $aUS 105 $a||||||||001yy 200 1 $aFinancial accounting theory$fWilliam R. Scott 205 $a4. ed 210 $aToronto$cPearson$d2006 215 $aXVIII, 571 p.$d24 cm 606 0 $aContabilità$xTeorie 676 $a657.044 700 1$aSCOTT,$bWilliam R.$0596366 801 0$aIT$bsalbc$gISBD 912 $a990002886960203316 951 $a657.044 SCO 1$b14918 E.C.$cIRA 25$d00123463 959 $aBK 969 $aECO 979 $aFIORELLA$b90$c20070323$lUSA01$h1206 979 $aRSIAV1$b90$c20090203$lUSA01$h1306 979 $aCHIARA$b90$c20131024$lUSA01$h0952 979 $aCHIARA$b90$c20131024$lUSA01$h0954 996 $aFinancial accounting theory$9989597 997 $aUNISA